FRANKLY SPEAKING

Bibliographic Details
Main Author: Musa Hitam Tun , 1934- (Author)
Format: Book
Language:English
Published: Petaling Jaya, Selangor : Pelanduk Publications (M) Sdn Bhd 2016
Subjects:

MARC

LEADER 00000cam a2200000 7i4500
001 0000029999
005 20220817.0
008 220811 my eng
020 |a 9789679789805 
040 |a INS   |b eng   |e rda 
090 0 0 |a DS597.215   |b .M985 2016 
100 0 |a Musa Hitam   |c Tun ,   |d 1934- ,   |e author 
245 1 0 |a FRANKLY SPEAKING   |c MUSA HITAM 
264 1 |a Petaling Jaya, Selangor :   |b Pelanduk Publications (M) Sdn Bhd   |c 2016 
264 4 |c ©2016 
300 |a 428 pages ;   |c 26 cm. 
336 |a text  |2 rdacontent 
337 |a unmediated  |2 rdamedia 
338 |a volume  |2 rdacarrier 
500 |a Includes index 
600 0 0 |a Musa Hitam, ,   |c Tun, ,   |d 1934-. 
650 0 |a Politicians   |z Malaysia   |v Biography 
650 0 |a Statesmen   |z Malaysia   |v Biography. 
651 0 |a Malaysia   |x Politics and government 
999 |a 0000024916   |b BOOK   |c Open Shelf   |e Default branch